Statistiken für Thüringen - Quiz

Klicken Sie hier um das Quiz zu spielen!

Allgemein

  • Dieses Quiz wurde 3.778 mal gespielt
  • Das Durchschnittsergebnis liegt bei 10 aus 20

Antwortstatistiken

HinweisAntwort% Korrekt
HauptstadtErfurt
97%
Die zwei bekanntesten Literaten, die sich dort zeitgleich aufhieltenJ. W. Goethe
81%
Die zwei bekanntesten Literaten, die sich dort zeitgleich aufhieltenFriedrich Schiller
77%
Stadt; Namensvetter einer RepublikWeimar
75%
Gründungsort der UrburschenschaftJena
71%
Drittgrößte StadtGera
67%
Offizieller NamenszusatzFreistaat
61%
In dieser Burg betätigte sich „Junker Jörg“ als ÜbersetzerWartburg
61%
Er baute Mikroskope und seinen Namen gab er einer FirmaCarl Zeiss
52%
MinisterpräsidentBodo Ramelow
51%
Ihr Wahrzeichen sind zwei Gebäude dieser ArtKirche
51%
Eisenacher Komponist und KantorJ. S. Bach
42%
Walter Gropius' KunstschuleBauhaus
40%
Dieser Fluss verläuft nahe der Grenze zu HessenWerra
35%
100.000 Wanderer begehen diesen Kammweg jährlichRennsteig
34%
Einer Sage nach schläft Barbarossa in diesem GebirgszugKyffhäuser
32%
Der thüringische Ponte Vecchio{Krämer}brücke
27%
Region im Osten (und in Sachsen)Vogtland
22%
Dieses Fürstentum gab es in älterer und jüngerer AusführungReuß
14%
Die Königin der BlutwürsteThüringer {Rotwurst}
12%

Verteilung der Resultate

Perzentil nach korrekt beantworteten Fragen

Anzahl Personen mit jedem Resultat

Ihre Resultats-Entwicklung

Sie haben dieses Quiz noch nicht gespielt